00594nam a2200193 a 4500008004100000020002500041100002000066245011900086260003500205300003200240490002200272500002000294650001700314700002300331700001900354003000100373005001700374040000900391  a9780443103353 (pbk.)1 aRoland, Damian.10aCircuits for the MRCPCH /c[by] Damian Roland, Richard Neal and Shabna Rajapaksa foreword by Terence Stephenson. aEdinburgh :bElsevier ,c2007. aix, 255 p. bill. ;c24 cm. aPass paediatrics. aIncludes index. 1aPaediatrics. aRajapaksa, Shabna. aNael, Richard.20230123124920.0 cNUST